01373nam a22002417a 450000500170000000800410001702000180005804000070007604100080008308200210009110000200011224500930013225000120022526000310023730000250026836500640029352006580035765000300101565000230104565000240106870000190109270000200111120220408162459.0220329b ||||| |||| 00| 0 eng d a9781292215075 cAL aeng 24a658.152bBERJ aBerk, Jonathan. aFundamentals of Corporate Finance /cBy Janathan Berk, Peter DeMarzo and Jarrad Harford. a4th ed. aLondon :bPearson ,c2019. a800p. ;bPBc25.5 cm 2Generala6471b₹5120.50c₹d₹6564.74e22%f12/03/2022 aFor undergraduate courses in corporate finance or financial management.Help students practice and connect to real-world financial decisions.Fundamentals of Corporate Finance offers a practical introduction to modern-day core principles, arming students with a problem-solving methodology, real-life financial management practices, and an overarching valuation framework that they can apply in their future careers. Updated with new examples, exercises, and statistics, the 4th Edition gives students the opportunity to practice and apply course concepts, while connecting them to the latest financial issues and policy in today’s world of business.  2Organization and finance  aCorporate Finance. aValuing cash flows. aDeMarzo Peter. aHarford Jarrad.